000 00496nam a2200205Ia 4500
003 OSt
005 20230403113405.0
008 210423s1988 xx 000 0 und d
020 _a0-330-32349-0
040 _cAL
041 _aeng
082 _a813.52
_223
_bMITG
100 _aMITCHELL (Margaret)
_982512
245 _aGone with the wind
260 _aLondon
_bPan Book Ltd
_c1988
300 _a1011
_bPB
650 _aAmerican Fiction
_982513
906 _aGone ; wind
942 _2ddc
_cBK
999 _c169086
_d169086